The 21 Irrefutable Laws of Leadership (Record no. 1969)
[ view plain ]
| 000 -LEADER | |
|---|---|
| fixed length control field | 00586nam a2200229 a 4500 |
| 001 - CONTROL NUMBER | |
| JCCL Control Number | 1969 |
| 003 - CONTROL NUMBER IDENTIFIER | |
| JCCL marc code | BD-JhCC |
| 005 - DATE AND TIME OF LATEST TRANSACTION | |
| control field | 20190904134018.0 |
| 008 - FIXED-LENGTH DATA ELEMENTS--GENERAL INFORMATION | |
| fixed length control field | 171026s19982007nyu |||| || | 000 0 eng d |
| 020 ## - INTERNATIONAL STANDARD BOOK NUMBER | |
| International Standard Book Number | 9780785289357 |
| 035 ## - SYSTEM CONTROL NUMBER | |
| system control number | (BD-JhCC)1969 |
| 040 ## - CATALOGING SOURCE | |
| Original cataloging agency | BD-JhCC |
| Modifying agency | BD-JhCC |
| 041 ## - LANGUAGE CODE | |
| Language code of Book | eng |
| 082 ## - DEWEY DECIMAL CLASSIFICATION NUMBER | |
| Classification number | 658.4092 |
| Author mark and Year | MAX 2007 |
| 100 ## - MAIN ENTRY--PERSONAL NAME | |
| Personal name | Maxwell, John C. |
| 245 ## - TITLE STATEMENT | |
| Title | The 21 Irrefutable Laws of Leadership |
| Statement of responsibility, etc | John C. Maxwell, |
| 260 ## - PUBLICATION, DISTRIBUTION, ETC. (IMPRINT) | |
| Place of publication, distribution, etc | New York : |
| Name of publisher, distributor, etc | Thomas Nelson, |
| Date of publication, distribution, etc | 2007 |
| 300 ## - PHYSICAL DESCRIPTION | |
| Pagination | 309 p. : |
| Dimensions | 22 cm. |
| 650 ## - SUBJECT ADDED ENTRY--TOPICAL TERM | |
| Topical term or geographic name as entry element | Leadership |
| 942 ## - ADDED ENTRY ELEMENTS (KOHA) | |
| Source of classification or shelving scheme | Dewey Decimal Classification |
| Koha item type | Books |
| Koha issues (borrowed), all copies | 4 |
| Source of classification or shelving scheme | Damaged status | Not for loan | Home library | Current library | Shelving location | Total Checkouts | Full call number | Barcode | Date last seen | Date checked out | Copy number | Koha item type |
|---|---|---|---|---|---|---|---|---|---|---|---|---|
| Dewey Decimal Classification | JCC Rouf Library | JCC Rouf Library | General Stacks | 3 | 658.4092 MAX 2007 | 1139 | 10/01/2019 | 09/03/2019 | C-1 | Books |